الطرق الحكمية في السياسة الشرعية / (رقم التسجيلة. 2196)
[ عرض عادي ]
| 000 -الفاتح | |
|---|---|
| عناصر البيانات ثابتة الطول | 00764cam a2200193 i 4500 |
| 005 - تاريخ ووقت آخر معاملة | |
| حقل ضبط | 20251215111006.0 |
| 008 - عناصر البيانات ثابتة الطول | |
| عناصر البيانات ثابتة الطول | 250721s1998 le gr 000 0 ara d |
| 082 14 - رقم تصنيف ديوي العشري | |
| رقم التصنيف | 216,6 |
| رقم المادة | ق ي م |
| 100 1# - مدخل رئيسي – اسم شخصي | |
| الاسم الشخصي | إبن القيم الجوزية، أبو عبد الله محمد |
| علاقة الشخص بالعمل/ دوره | مؤلف. |
| 245 12 - بيان العنوان | |
| العنوان | الطرق الحكمية في السياسة الشرعية / |
| بيان المسؤولية | حققه وضبط نصه وفهرسه عصام فارس الحرشاني. |
| 264 13 - بيانات النشر، التوزيع…إلخ | |
| مكان النشر، التوزيع...إلخ | بيروت : |
| اسم الناشر، الموزع...إلخ | دارالجليل، |
| تاريخ النشر، التوزيع...إلخ | 1998. |
| 300 ## - الوصف المادي | |
| عدد الوحدات المكونة للوعاء | 442صفحه. |
| 650 17 - مدخل إضافي بالموضوع - مصطلح موضوعي | |
| مصطلح موضوعي أو اسم جغرافي كعنصر مدخل | الإسلام. |
| 650 17 - مدخل إضافي بالموضوع - مصطلح موضوعي | |
| مصطلح موضوعي أو اسم جغرافي كعنصر مدخل | الفقه الإسلامي. |
| 700 1# - مدخل إضافي - اسم شخصي | |
| الاسم الشخصي | الحرستاني، عصام فارس. |
| علاقة الشخص بالعمل/ دوره | تحقيق |
| 700 1# - مدخل إضافي - اسم شخصي | |
| الاسم الشخصي | عبد المنان، حسان |
| علاقة الشخص بالعمل/ دوره | تحقيق |
| 942 ## - بيانات إضافية (كوها) | |
| نوع التنصيف | Dewey Decimal Classification |
| نوع المادة (كوها) | كتب |
| حالة السحب | حالة الفقدان | مصدر التصنيف | حالة التلف | غير قابل للإعارة | المكتبة الرئيسية | المكتبة الحالية | موقع الرف | تاريخ التزويد | الرقم المتسلسل | Total Checkouts | رقم الإستدعاء | تاريخ آخر ظهور | تاريخ الفاتورة | نوع المادة (كوها) | الباركود |
|---|---|---|---|---|---|---|---|---|---|---|---|---|---|---|---|
| Dewey Decimal Classification | Unchecked | المكتبة المركزية | المكتبة المركزية | الإعارة | 06/07/2004 | 410028 | 216,6 / ق ي م | 28/07/2025 | 06/07/2004 | كتب | |||||
| Dewey Decimal Classification | المكتبة المركزية | المكتبة المركزية | الإعارة | 06/07/2004 | 410026 | 216,6/قيم | 28/07/2025 | 06/07/2004 | كتب | 410026 | |||||
| Dewey Decimal Classification | Unchecked | مكتبة أبو علندا العامة | مكتبة أبو علندا العامة | الإعارة | 06/07/2004 | 410049 | 216,6/قيم | 28/07/2025 | 06/07/2004 | كتب | |||||
| Dewey Decimal Classification | مكتبة أم قصير والمقابلين العامة | مكتبة أم قصير والمقابلين العامة | الإعارة | 06/07/2004 | 410048 | 216,6/قيم | 28/07/2025 | 06/07/2004 | كتب | 410048 | |||||
| Dewey Decimal Classification | مكتبة الأميرة ايمان العامة | مكتبة الأميرة ايمان العامة | الإعارة | 06/07/2004 | 410040 | 216,6/قيم | 28/07/2025 | 06/07/2004 | كتب | 410040 | |||||
| Dewey Decimal Classification | Unchecked | مكتبة الاميرة بديعة | مكتبة الاميرة بديعة | الإعارة | 06/07/2004 | 410043 | 216,6/قيم | 28/07/2025 | 06/07/2004 | كتب | |||||
| Dewey Decimal Classification | مكتبة البراعم الواعدة | مكتبة البراعم الواعدة | الإعارة | 24/06/2018 | 1653747 | 216,6/قيم | 28/07/2025 | 24/06/2018 | كتب | PLD00422312 | |||||
| Dewey Decimal Classification | مكتبة الجويدة | مكتبة الجويدة | الإعارة | 06/07/2004 | 410044 | 216,6/قيم | 28/07/2025 | 06/07/2004 | كتب | 410044 | |||||
| Dewey Decimal Classification | Unchecked | مكتبة الحسن العامة | مكتبة الحسن العامة | الإعارة | 06/07/2004 | 410045 | 216,6/قيم | 28/07/2025 | 06/07/2004 | كتب | |||||
| Dewey Decimal Classification | مكتبة حمزة العامة | مكتبة حمزة العامة | الإعارة | 06/07/2004 | 410046 | 216,6/قيم | 28/07/2025 | 06/07/2004 | كتب | 410046 | |||||
| Dewey Decimal Classification | مكتبة صويلح العامة | مكتبة صويلح العامة | الإعارة | 06/07/2004 | 410041 | 216,6/قيم | 28/07/2025 | 06/07/2004 | كتب | 410041 | |||||
| Dewey Decimal Classification | مكتبة وادي السير العامة | مكتبة وادي السير العامة | الإعارة | 06/07/2004 | 410050 | 216,6/قيم | 28/07/2025 | 06/07/2004 | كتب | 410050 |